مكتبة جامعة عجلون الوطنية

فهرس بحث المكتبة

Normal view MARC view
  • تأليف تاوير ، هأي - ترجمة وتعليق الواكد ، محمد

Entry Personal Name

Number of records used in: 1

001 - CONTROL NUMBER

  • control field: 10710

003 - CONTROL NUMBER IDENTIFIER

  • control field: JO-AjAnu

005 - DATE AND TIME OF LATEST TRANSACTION

  • control field: 20230606072023.0

008 - FIXED-LENGTH DATA ELEMENTS

  • fixed length control field: 230606|| aca||aabn | a|a d

040 ## - CATALOGING SOURCE

  • Original cataloging agency: JO-AjAnu
  • Transcribing agency: JO-AjAnu

100 ## - HEADING--PERSONAL NAME

  • Personal name: تأليف تاوير ، هأي - ترجمة وتعليق الواكد ، محمد

670 ## - SOURCE DATA FOUND

  • Source citation: Work cat.: (JO-AjAnu)5514: تأليف تاوير ، هأي - ترجمة وتعليق الواكد ، محمد, author, Thieves in High Places : Stolen Our Contry and to Take it Back = لصوص في مناصب مرموقة لقد سرقوا بلدنا وعلينا أن نستعيدة